000 00814nam a22002897a 4500
001 BR8100111
003 BR-BrBNA
005 20230928090909.0
007 ta
008 230509b bl.||||| |||| 00| 0 por d
040 _aBR-BrBNA
_bpor
_cBiblioteca Nacional de Agricultura
041 _a(Por)
072 _aP05
_b8961
_b/G514
090 _ 8961 BR8100111
100 1 _aAndrade, J.M.F. de
245 1 _aAlcool: uma alternativa energetica [Brasil]
246 1 _a[Alcohol: an energy alternative [Brazil]]
260 3 _aBelo Horizonte, MG (Brasil):
_c1980.
300 _a53 p.
500 _aBibliography p. 48-53 (54 ref.); Summary (Por)
650 _aRecurso energetico
650 _aCombustivel
650 _aAlcool motor
650 _aEtanol
909 _a202309
_bLucia
_c55
_dLucia Elande
942 _cBK
999 _c31160
_d31160